| 000 | 01769nam a2200301Ia 4500 | ||
|---|---|---|---|
| 999 |
_c52890 _d52890 |
||
| 001 | 19920 | ||
| 003 | GE_BSU | ||
| 005 | 20200510232028.0 | ||
| 008 | 181216s1949||||ge |||||||||||||| ||geo|| | ||
| 040 | _cGE_BSU | ||
| 041 | _ageo | ||
| 080 | _a81'374.26(038) : 27-247 ი-50 | ||
| 100 |
_aიმნაიშვილი, ი. _95492 |
||
| 245 |
_aქართული ოთხთავის სიმფონია-ლექსიკონი = Симфония-словарь к грузинскому четвероглаву : _b ნაკვ. 2 : ნ - [...] და საკუთარი სახელი / _cი. იმნაიშვილი ; ა. შანიძის რედ. [და წინასიტყვაობით] |
||
| 264 |
_aთბილისი : _bსაქ. სსრ მეცნ. აკად. გამ-ბა, _c1948. |
||
| 300 |
_a032, 417-839 გვ. ; _c27 სმ. |
||
| 490 |
_aძველი ქართული ენის ძეგლები _v 6,2 |
||
| 541 | _h8ლ. | ||
| 546 | _aწანართი რედაქტორისაგან ქართულ და რუსულ ენებზე გვ. 05-08 | ||
| 653 | _aქართული ენა | ||
| 653 | _aქართული ოთხთავი | ||
| 653 | _aსახარება | ||
| 653 | _aძველი აღთქმა | ||
| 653 | _aქართული ოთხთავის სიმფონია-ლექსიკონი | ||
| 653 | _aСимфония-словарь к грузинскому четвероглаву | ||
| 710 |
_aსაქართელოს სსრ მეცნიერებათა აკადემიის სტამბა _98036 |
||
| 942 |
_cBK _2udc |
||